LIBRARY & INFORMATION CENTRE, KCAET, TAVANUR

ONLINE PUBLIC ACCESS CATALOGUE (OPAC)

Journey down a rainbow / (Record no. 4729)

MARC details
000 -LEADER
fixed length control field 00345cam a2200145ua 4500
041 ## - LANGUAGE CODE
Language code of text/sound track or separate title eng
082 ## - DEWEY DECIMAL CLASSIFICATION NUMBER
Classification number 828.08355
Item number PRI/JO
100 ## - MAIN ENTRY--AUTHOR NAME
Personal name Priestley, J B .
245 ## - TITLE STATEMENT
Title Journey down a rainbow /
300 ## - PHYSICAL DESCRIPTION
Number of Pages 288 ; .
700 1# - ADDED ENTRY--PERSONAL NAME
Personal name Hawkes, Jacquetta .
942 ## - ADDED ENTRY ELEMENTS (KOHA)
Koha item type Books
Holdings
Withdrawn status Lost status Damaged status Home library Current library Date acquired Cost, normal purchase price Full call number Accession Number Koha item type Public note
Withdrawn     KAUAET Sanskrit University 07/04/2012 18.00 828.08355 6734 Books Transferred to Sanskrit University
free website counter